Anécdotas manudas /
Guardado en:
| Autor principal: | |
|---|---|
| Formato: | Libro |
| Lenguaje: | Spanish |
| Publicado: |
[Alajuela, Costa Rica] :
Museo Histórico Cultural Juan Santamaría, Ministerio de Cultura Juventud y Deportes,
1994.
|
| Materias: | |
| Etiquetas: |
Agregar Etiqueta
Sin Etiquetas, Sea el primero en etiquetar este registro!
|
MARC
| LEADER | 00000cam a22000007a 4500 | ||
|---|---|---|---|
| 001 | 2113309 | ||
| 005 | 20150625093511.0 | ||
| 008 | 960409s1994 cr a 000 0 spa | ||
| 020 | |a 9977953163 | ||
| 040 | |a DLC |c DLC |d CRU CIICLA | ||
| 082 | |a 929.4 |b G216a | ||
| 100 | 2 | |a García Soto, Esaú. | |
| 245 | 1 | 0 | |a Anécdotas manudas / |c Esaú García Soto ; prólogo y glosario Luis Ferrero. |
| 260 | |a [Alajuela, Costa Rica] : |b Museo Histórico Cultural Juan Santamaría, Ministerio de Cultura Juventud y Deportes, |c 1994. | ||
| 300 | |a 141 páginas: |b ilustraciones | ||
| 650 | 1 | 4 | |a APODOS |
| 650 | 1 | 4 | |a FOLCLOR |x ANECDOTAS |z ALAJUELA (COSTA RICA) |
| 942 | |2 ddc |c BK | ||
| 999 | |c 4230 |d 4230 | ||



